000
00337nam a2200133Ia 4500
008
240624s9999 xx 000 0 und d
041
_a
eng
082
_a
519.55 MCD
100
_a
MCDOWALL DAVID
245
_a
INTERRUPTED TIME SERIES ANALYSIS
260
_c
2007
_a
London
_b
Sage Publications
300
_a
96 : p. : cm. ; 25
365
_c
_b
32
999
_c
6321
_d
6321